000 00561nam a22002417a 4500
003 OSt
005 20180116183016.0
008 151009b xxu||||| |||| 00| 0 eng d
020 _a9788131754269
022 _a9788131754269
040 _c0
050 _a658.3
082 _a658.3
100 _aDessler,Gary
245 _aHuman Resource Management.
_cGary Dessler
250 _a12th.
260 _aDelhi
_bPEARSON
_c2015
300 _a736p.
500 _aPaper Cover
600 _aDessler,Gary
700 _aDessler,Gary
942 _2ddc
_cBK
_k658.3
999 _c350398
_d350398